LotR: Food and Drink | Text Version - Statistics

General Stats
  • This quiz has been taken 30 times
    28 since last reset
  • The average score is 22 of 48
Answer Stats
Food % Correct
Beer
91%
Bread
91%
Grey bread
91%
Potatoes
91%
White loaf
91%
Red wine
82%
Wine
82%
Yellow wine
82%
Ale
73%
Pork
73%
Rabbit
73%
Tea
73%
Water
73%
Carrots
64%
Strawberries
64%
Cheese
55%
Lembas
55%
Mushrooms
55%
Red cheese
55%
Soup
55%
Stew
55%
Thyme
55%
Apples
45%
Fish
45%
Milk
45%
Sage
45%
Bacon
36%
Cabbages
36%
Cream
36%
Plums
36%
White cakes
36%
Wildberries
36%
Cherry
27%
Honey
27%
Honeycomb
27%
Onions
27%
Butter
18%
Chips
18%
Corn
18%
Turnips
18%
Bayleaves
9%
Broth
9%
Dried fruit
9%
Ent-draught
9%
Miruvor
9%
Tart
9%
Cram
0%
Orc-liquor
0%
No matching quizzes found
Score Distribution
Percent of People with Each Score
Percentile by Number Answered
Your Score History
You have not taken this quiz since the last reset